000 00692nam a2200217Ia 4500
005 20260429111954.0
008 260429s9999||||xx |||||||||||||| ||und||
020 _a9789811280009
041 _aEnglish
082 _a532
_bLIU
100 _aLiu, G.R.
245 0 _aGradient smoothing methods with programming :
_bapplications to fluids and landslides /
_cG.R. Liu
260 _aSingapore :
_bWorld Scientific Publishing,
_c2024.
300 _avii, 279 p.; hb
440 _aFrontier research in computationa and mechanics of materials and biology; v. 5
650 _a Computer programming
650 _a Fluid mechanics
650 _aPhysics
700 _a Mao, Zirui
942 _cTB
999 _c51693
_d51693